000 01678nam a22003731a 4500
001 ebr10014646
003 CaPaEBR
006 m u
007 cr cn|||||||||
008 991220s1999 enka sb 100 0 eng c
010 _z 00031291
020 _z1841500135
020 _z184150002X (pbk.)
020 _z1841508152
040 _aCaPaEBR
_cCaPaEBR
035 _a(OCoLC)559091703
050 1 4 _aNX180.T4
_bR43 1999eb
082 0 4 _a700.1
_221
245 0 0 _aReframing consciousness
_h[electronic resource] /
_cedited by Roy Ascott.
260 _aExeter, England ;
_aPortland, OR :
_bIntellect,
_c1999.
300 _a314 p. :
_bill.
500 _a"Articles ... presented at the Second International CAiiA Research Conference 'Consciousness reframed: art and consciousness in the post-biological era', which was convened at the University of Wales College, Newport (UWCN) in August 1998"--Pref.
504 _aIncludes bibliographical references.
533 _aElectronic reproduction.
_bPalo Alto, Calif. :
_cebrary,
_d2013.
_nAvailable via World Wide Web.
_nAccess may be limited to ebrary affiliated libraries.
650 0 _aTechnology and the arts
_vCongresses.
650 0 _aConsciousness in art
_vCongresses.
650 0 _aArts
_xPsychological aspects
_vCongresses.
650 0 _aArts
_xPhilosophy
_vCongresses.
655 7 _aElectronic books.
_2local
700 1 _aAscott, Roy.
710 2 _aebrary, Inc.
711 2 _aInternational CAiiA Research Conference
_n(2nd :
_d1998 :
_cUniversity of Wales College, Newport)
856 4 0 _uhttp://site.ebrary.com/lib/rucke/Doc?id=10014646
_zAn electronic book accessible through the World Wide Web; click to view
999 _c30982
_d30982